Homenatge a Hermann Bonnín i a la generació que refundà l'Institut del Teatre el 1970 : inauguració del curs, 2013-2014 inauguració del curs, 2013-2014
Descripción Física:
1 tríptic : il. ; 21 cm
Materias:
Teatre -- Programes
MARC
| LEADER | 00000nam a2200000Ia 4500 | ||
|---|---|---|---|
| 001 | 24042 | ||
| 008 | 160829s2013 xx 000 0 cat d | ||
| 080 | |a FU-64-13 | ||
| 245 | |a Homenatge a Hermann Bonnín i a la generació que refundà l'Institut del Teatre el 1970 : |b inauguració del curs, 2013-2014 | ||
| 260 | |a Barcelona : |b Diputació de Barcelona. Institut del Teatre, |c 2013 | ||
| 300 | |a 1 tríptic : |b il. ; |c 21 cm | ||
| 590 | |a Programa de mà de la inaguració del curs acadèmic 2013-2014 de l’Institut del Teatre, celebrat al 14 d’octubre de 2013 a les 19 hores a la Sala Fabià Puigserver del Teatre Lliure | ||
| 650 | |a Teatre |x Programes |9 47620 | ||
| 710 | 1 | |a Institut del Teatre (Barcelona, Catalunya) |9 52662 | |
| 901 | |a Arxiu | ||
| 942 | |n 1 | ||
| 952 | |0 0 |1 0 |4 0 |6 FU6413 |7 1 |9 55648 |a Arxiu |b Arxiu |d 2016-12-01 |l 0 |o FU-64-13 |p 24042 |r 2016-12-01 00:00:00 |w 2016-12-01 |y ARXIU | ||
| 999 | |c 59521 |d 59521 | ||